00720nam a22001575i 450000100060000000300090000600700030001500800410001804000200005910000240007924501850010326000680028830000200035650501620037685200240053868563ES-MaACLt|960808s1872 it ||||1| ita d aCAM bspa cCAM1 aGarrucci, Raffaele.10aStoria della arte cristiana b: nei primi otto scoli della chiesa /cscritta dal P. Raffaele Garrucci ... e corredata della collezione di tutti i monumenti de pittura e scultura... aPrato : bFrancesco Giachetti, c1872 (fGiachetti, filio e C.) a5 v. ; c46 cm.8 aI. Teorica -- II. Pitture cimiteriali -- III. Pitture non cimiteriali -- IV. Musaici cimiteriali e non cimiteriali -- V. Sarcofagi ossia sculture cimiteriali aES-MaACLjB-9692-96